Responses for Show #2231 - Monday, April 25, 1994

Contestants

[<< previous game]

Mary Campbell, a teacher from Philadelphia, Pennsylvania

Wayne Turmel, a comedian and writer originally from Vancouver, Canada

John Hunt, a jazz musician from San Francisco, California (whose 3-day cash winnings total $37,601)

[next game >>]

Jeopardy! Round responses

EXPLORERS
SONGS
AMERICANA
MYTHOLOGICAL CREATURES
COCA-COLA
5-LETTER WORDS
    $100 1
David Livingstone

John
    $100 22
The Sound of Music

John
    $100 5
Nevada

Wayne
    $100 13
Athens

Mary
    $100 10
refreshes

John
    $100 21
(Mary: What's a bobbin?)

a spool

JohnMary
    $200 2
Columbus

John
    $200 23
"Silent Night"

Wayne
    $200 7
Georgia

Mary
    $200 14
the phoenix

Wayne
    $200 11
Sprite

Mary
    $200 24
Digit

Wayne
    $300 3
(Mary: [No response])

the Strait of Magellan

JohnMary
    $300 28
Jimmy Durante

Mary
    $300 8
Salem

Wayne
    $300 15
the centaurs

Wayne
    $300 18
Norman Rockwell

Wayne
    $300 25
shuck

Wayne
    $400 4
Hudson Bay

Mary
    $400 29
"My Gal Sal"

Triple Stumper
    $400 9
(Wayne: What are the Grand Tetons?)

The Rocky Mountains

Wayne
Triple Stumper
    $500 16
Valhalla

Wayne
    $400 19
Caramel

Wayne
    $400 26
a tiara

Wayne
    $500 6
Kim Philby

Mary
    $500 30
Vince Gill

Wayne
    $500 12
(Wayne: Who is Thomas Jefferson?)

George Washington

Wayne
Triple Stumper
    $500 17
Cerberus

Wayne
    $500 20
Joan Crawford

Mary
    $500 27
an elegy

John

Scores at the first commercial break (after clue 15):

John Wayne Mary
$700 $0 $1,100

Scores at the end of the Jeopardy! Round:

John Wayne Mary
$1,400 $3,300 $1,800

Double Jeopardy! Round responses

WORLD GEOGRAPHY
THE ELEMENTS
FASHION
PARLIAMENTARY PROCEDURE
THE 1950s
AMERICAN LITERATURE
    $200 1
Canada

John
    $200 6
mercury

Mary
    $200 26
(Wayne: What is Springfield?)

Boston

JohnWayne
    $200 13
Great Britain

Wayne
    $200 18
Antarctica

Wayne
    $200 7
Harriet Beecher Stowe

Mary
    $400 2
Cape Town

Wayne
    $400 9
californium

Mary
    $400 27
Jacqueline Kennedy

John
    $400 14
the minutes (of the last meeting)

Mary
    $400 19
Hawaii

John
    $400 8
The Old Man and the Sea

Wayne
    $600 3
Kabul

Wayne
    $600 10
the Curies (Pierre & Marie)

John
    $600 28
a heel

John
    $600 23
the secretary

Mary
    $600 20
SEATO

John
    $600 15
Sinclair Lewis

John
    $2,000 4
(Wayne: What is Albania?)

Norway

Wayne
    $800 11
(John: What is nitrogen?)

helium

JohnWayne
    $800 29
Juliet

Wayne
    $800 24
point of order

Wayne
    $800 21
(Wayne: What is CBS?)

The Voice of America

WayneMary
    $800 16
Nathaniel Hawthorne

Mary
    $1000 5
(Wayne: What is the Amazon?)

the Orinoco

WayneMary
    $1,200 12
(Wayne: What is helium?)
(Alex: If you were Superman, you would know this. What is [*]? [*].)

krypton

Wayne
    $1000 30
palazzo (pants)

Mary
    $1000 25
bylaws

Mary
    $1000 22
Blair House

John
    $1000 17
Winesburg, Ohio

Mary

Scores at the end of the Double Jeopardy! Round:

John Wayne Mary
$5,200 $2,300 $9,200

[wagering suggestions for these scores]

Final Jeopardy! Round responses

ECOLOGY
(Alex: Yes. The Silent Spring. Or was it The Roman Spring of Mrs. Stone? One of those, wasn't it? They're laughing at me over there 'cause I'm being silly today.)
WayneWho was Mrs Truman
$2,300
JohnWho was Oveta Hobby?
$4,001
MaryWho was Rachel Carson?
$1,205
Rachel Carson

Final scores:

John Wayne Mary
$1,199 $0 $10,405
2nd place: NCR notebook computer + MCI video phones 3rd place: PolyGram video selection + Wheel of Fortune & Jeopardy! games for the Super Nintendo & Sega Genesis New champion: $10,405

Game dynamics:

Coryat scores:

John Wayne Mary
$5,200 $5,400 $9,200
16 R,
1 W
21 R
(including 1 DD),
7 W
(including 2 DDs)
18 R,
2 W

Combined Coryat: $19,800

[game clues] [game scores] [suggest correction]

Game tape date: 1994-01-18
The J! Archive is created by fans, for fans. Scraping, republication, monetization, and malicious use prohibited; this site may use cookies and collect identifying information. See terms. The Jeopardy! game show and all elements thereof, including but not limited to copyright and trademark thereto, are the property of Jeopardy Productions, Inc. and are protected under law. This website is not affiliated with, sponsored by, or operated by Jeopardy Productions, Inc. Join the discussion at JBoard.tv.